00000000nam 2200000zi 4500
0019.941662
003CaOODSP
00520251103144803
006m     o  d f      
007cr mn|||||||||
008240808t20242024onca    o    f000 0 fre d
020 |a9780660730776
040 |aCaOODSP|bfre|erda|cCaOODSP
043 |an-cn---
0861 |aPS74-21/2024F-PDF
24500|aMise en œuvre de la Loi sur la Déclaration des Nations Unies sur les droits des peuples autochtones au Service canadien du renseignement de sécurité.
264 1|a[Ottawa] : |bService canadien du renseignement de sécurité = Canadian Security Intelligence Service, |c[2024]
264 4|c©2024
300 |a1 ressource en ligne (8 pages) : |billustrations en couleur
336 |atexte|btxt|2rdacontent/fre
337 |ainformatique|bc|2rdamedia/fre
338 |aressource en ligne|bcr|2rdacarrier/fre
500 |aPublié aussi en anglais sous le titre : United Nations Declaration on the Rights of Indigenous Peoples Act implementation at the Canadian Security Intelligence Service.
500 |a« Non classifié. »
61016|aCanada. |tLoi sur la Déclaration des Nations Unies sur les droits des peuples autochtones.
650 6|aAutochtones|xDroit|zCanada.
650 6|aAutochtones|xDroits|zCanada.
650 6|aAutochtones|zCanada|xRelations avec l'État.
7102 |aService canadien du renseignement de sécurité, |eorganisme de publication.
77508|tUnited Nations Declaration on the Rights of Indigenous Peoples Act implementation at the Canadian Security Intelligence Service.|w(CaOODSP)9.941663
7760#|tMise en œuvre de la Loi sur la Déclaration des Nations Unies au Service canadien du renseignement de sécurité.|w(CaOODSP)9.942068
85640|qPDF|s16.50 Mo|uhttps://publications.gc.ca/collections/collection_2025/scrs-csis/PS74-21-2024-fra.pdf
8564 |qHTML|sS.O.|uhttps://www.canada.ca/fr/service-renseignement-securite/organisation/publications/mise-en-oeuvre-de-la-loi-sur-la-declaration-des-nations-unies-sur-les-droits-des-peuples.html
61026|aService canadien du renseignement de sécurité.